| 000 | 00522nam a2200181Ia 4500 | ||
|---|---|---|---|
| 008 | 100917s9999 xx 000 0 und d | ||
| 082 | _b59319 | ||
| 100 | _aकोल्हटकर प्र. श्री. | ||
| 245 | _aवृध्दाश्रम | ||
| 260 |
_bमॉडर्न बुक डेपो _c1957 |
||
| 300 | _a112 | ||
| 365 | _b1.5 | ||
| 520 | _aनाटक | ||
| 630 | _aवृध्दाश्रम | ||
| 650 | _aनाटक | ||
| 730 | _aवृध्दाश्रम | ||
| 942 | _cBOOK | ||
| 999 |
_c664713 _d664710 |
||